Stati che confinano con l'Austria - Statistics

Statistiche generali
  • Questo quiz è stato fatto 24 volte
  • Il punteggio medio è 8 su 8
Statistiche sulle risposte
Superficie (km²) Popolazione (ab.) Lunghezza confine (km) Stato % Corretto
302 073 58 833 079 430 Italia
100%
20 273 2 113 548 330 Slovenia
100%
41 291 8 530 100 164 Svizzera
100%
357 582 84 404 137 784 Germania
95%
160 37 500 35 Liechtenstein
95%
78 870 10 753 698 362 Repubblica Ceca
95%
49 037 5 449 270 91 Slovacchia
95%
93 030 9 709 837 366 Ungheria
86%
Nessun quiz corrispondente trovato
Distribuzione punteggi
Percentuale di utenti per punteggio
Percentile per numero di risposta
I tuoi punteggi nel tempo
Non hai fatto questo quiz